The Lincoln-Douglas debates of 1858
Guardat en:
| Autor principal: | |
|---|---|
| Format: | Llibre |
| Idioma: | anglès |
| Publicat: |
Nueva York
Oxford
1965
|
| Edició: | 2a. ed |
| Matèries: | |
| Etiquetes: |
Afegir etiqueta
Sense etiquetes, Sigues el primer a etiquetar aquest registre!
|
MARC
| LEADER | 00000nam a2200000 a 4500 | ||
|---|---|---|---|
| 001 | UCX7310 | ||
| 003 | CL-VaPUC | ||
| 008 | 931204e19650000US |||||||||||||||||eng|d | ||
| 082 | 0 | 4 | |a 973.68 |b JOH |2 21 |
| 100 | 0 | |a Johannsen, Robert W |e author |9 324143 | |
| 245 | 1 | 4 | |a The Lincoln-Douglas debates of 1858 |
| 250 | |a 2a. ed | ||
| 300 | |a 330 p | ||
| 942 | |c BK | ||
| 945 | |d 19931204 00:00:00 |a aalvarez | ||
| 260 | |a Nueva York |b Oxford |c 1965 | ||
| 600 | 0 | |a Lincoln, Abraham, |d 1809-1865 |9 321765 | |
| 600 | 0 | 7 | |a DOUGLAS, STEPHEN ARNOLD |2 CL-VaPUC |9 324144 |
| 583 | |a last modification |c 19931204 00:00:00 |k Rodrigo Vera | ||
| 999 | |c 227164 |d 227162 | ||
| 952 | |0 0 |1 0 |4 0 |6 973_680000000000000_JOH_1965 |7 0 |8 A |9 225988 |a BIBHIS |b BIBHIS |d 2019-11-15 |i 2946521 |o 973.68 JOH 1965 |p 2946521 |r 2025-01-20 |w 2019-11-15 |y BK |k HIS | ||